[Event "Madrid 2023-2024ch - Previa A"]
[Site "Madrid ESP"]
[Date "2024.02.21"]
[Round "8.15"]
[White "Camarero Izquierdo, Juan Carlos"]
[Black "Diaz Garcia-Heras, Jose J."]
[Result "1-0"]
[WhiteElo "1725"]
[BlackElo "1697"]
[PlyCount "69"]
[EventDate "2024.02.05"]
[EventType "swiss"]
[EventRounds "9"]
[EventCountry "ESP"]
[SourceTitle "Ajedrez en Madrid"]
[Source "lmi"]
[SourceDate "2024.02.06"]
[SourceVersion "1"]
[SourceVersionDate "2024.03.02"]
[SourceQuality "1"]

1. e4 e5 2. Nc3 Nc6 3. Bc4 Nf6 4. d3 h6 5. f4 exf4 6. Bxf4 d6 7. Qd2 Na5 8.
O-O-O a6 9. Nf3 b5 10. Bd5 c6 11. Bb3 Nxb3+ 12. cxb3 Be7 13. Kb1 O-O 14. h3 a5
15. g4 Nh7 16. Rdg1 a4 17. b4 a3 18. b3 d5 19. Nd4 Bb7 20. Nce2 dxe4 21. Nf5
Bxb4 22. Qxb4 Qxd3+ 23. Ka1 Qxe2 24. Rh2 Qf3 25. Qd4 Nf6 26. Rf2 Rad8 27. Bd6
Qxh3 28. Nxg7 Rxd6 29. Qxd6 Qc3+ 30. Kb1 c5 31. Rc2 Qe3 32. Rf1 Nd5 33. Nf5 Qd3
34. Rfc1 Nb4 35. Qxh6 1-0

[Event "Madrid 2023-2024ch - Previa A"]
[Site "Madrid ESP"]
[Date "2024.02.21"]
[Round "8.16"]
[White "Barahona Torrijos, Angel"]
[Black "Lozano Arribas, Carlos"]
[Result "0-1"]
[WhiteElo "1717"]
[BlackElo "1975"]
[PlyCount "92"]
[EventDate "2024.02.05"]
[EventType "swiss"]
[EventRounds "9"]
[EventCountry "ESP"]
[SourceTitle "Ajedrez en Madrid"]
[Source "lmi"]
[SourceDate "2024.02.06"]
[SourceVersion "1"]
[SourceVersionDate "2024.03.02"]
[SourceQuality "1"]

1. e4 e6 2. d4 d5 3. Nc3 Nf6 4. e5 Nfd7 5. Nf3 c5 6. Bf4 a6 7. Bd3 Nc6 8. dxc5
Nxc5 9. O-O Be7 10. Ne2 d4 11. Nexd4 Nxd4 12. Nxd4 Nxd3 13. Qxd3 O-O 14. Rad1
Qc7 15. Qg3 Kh8 16. Rd3 Bd7 17. Rfd1 Rad8 18. Bg5 f6 19. exf6 Qxg3 20. fxg7+
Kxg7 21. Rxg3 Bxg5 22. Rxg5+ Kf6 23. Rg3 Bc6 24. Rgd3 Be4 25. R3d2 Rd5 26. f3
Bg6 27. c4 Rd7 28. b4 Rfd8 29. Nb3 Rxd2 30. Rxd2 Rxd2 31. Nxd2 Ke5 32. Nb3 Bb1
33. a3 Ba2 34. Nd2 Kd4 35. c5 Kc3 36. Ne4+ Kb3 37. c6 bxc6 38. Nc5+ Kxa3 39.
Nxa6 Ka4 40. Kf2 Kb5 41. Nc5 Kxb4 42. Ne4 Bd5 43. Nf6 c5 44. f4 c4 45. Nxd5+
exd5 46. Ke1 Kb3 0-1

[Event "Madrid 2023-2024ch - Previa A"]
[Site "Madrid ESP"]
[Date "2024.02.21"]
[Round "8.17"]
[White "Garcia Galeote, Lorenzo"]
[Black "Ramos Antona, Enrique"]
[Result "1-0"]
[WhiteElo "1801"]
[BlackElo "1548"]
[PlyCount "61"]
[EventDate "2024.02.05"]
[EventType "swiss"]
[EventRounds "9"]
[EventCountry "ESP"]
[SourceTitle "Ajedrez en Madrid"]
[Source "lmi"]
[SourceDate "2024.02.06"]
[SourceVersion "1"]
[SourceVersionDate "2024.03.02"]
[SourceQuality "1"]

1. d4 Nf6 2. c4 e6 3. Nc3 d5 4. cxd5 exd5 5. Bg5 Be7 6. Qc2 c6 7. e3 h6 8. Bf4
O-O 9. Bd3 Re8 10. Nf3 Nbd7 11. O-O Nf8 12. Ne5 Be6 13. a3 Nh5 14. Bg3 Bf6 15.
b4 Nxg3 16. hxg3 Bxe5 17. dxe5 Nd7 18. f4 Bg4 19. e4 Rc8 20. exd5 cxd5 21. Qb3
Qb6+ 22. Kh2 Qd4 23. Nb5 Nc5 24. bxc5 Qxc5 25. Nd6 Red8 26. Nxc8 Rxc8 27. Rac1
Qf8 28. Rxc8 Qxc8 29. Qxd5 Be6 30. Rc1 Qxc1 31. Qd8# 1-0

[Event "Madrid 2023-2024ch - Previa A"]
[Site "Madrid ESP"]
[Date "2024.02.21"]
[Round "8.18"]
[White "Hernandez Gutierrez, Jose"]
[Black "Marin Lopez, Jeronimo"]
[Result "1-0"]
[WhiteElo "1712"]
[BlackElo "1797"]
[PlyCount "53"]
[EventDate "2024.02.05"]
[EventType "swiss"]
[EventRounds "9"]
[EventCountry "ESP"]
[SourceTitle "Ajedrez en Madrid"]
[Source "lmi"]
[SourceDate "2024.02.06"]
[SourceVersion "1"]
[SourceVersionDate "2024.03.02"]
[SourceQuality "1"]

1. d4 d6 2. e4 Nf6 3. Nc3 e5 4. Nf3 Nbd7 5. Bc4 Be7 6. O-O O-O 7. a4 c6 8. Re1
h6 9. h3 Qc7 10. a5 Re8 11. Be3 exd4 12. Qxd4 Ne5 13. Nxe5 dxe5 14. Qd1 Bb4 15.
Qf3 Be6 16. Bxe6 Rxe6 17. a6 b6 18. Red1 Bxc3 19. bxc3 Rd8 20. Rxd8+ Qxd8 21.
g4 c5 22. h4 Qa8 23. Rd1 Kf8 24. g5 hxg5 25. hxg5 Nxe4 26. Rd7 f5 27. Qh5 1-0

[Event "Madrid 2023-2024ch - Previa A"]
[Site "Madrid ESP"]
[Date "2024.02.21"]
[Round "8.19"]
[White "Fernandez Garcia, Ignacio"]
[Black "Sanchez Arriola, Ignacio"]
[Result "1-0"]
[WhiteElo "1795"]
[BlackElo "1626"]
[PlyCount "87"]
[EventDate "2024.02.05"]
[EventType "swiss"]
[EventRounds "9"]
[EventCountry "ESP"]
[SourceTitle "Ajedrez en Madrid"]
[Source "lmi"]
[SourceDate "2024.02.06"]
[SourceVersion "1"]
[SourceVersionDate "2024.03.02"]
[SourceQuality "1"]

1. d4 d5 2. Bf4 Nf6 3. e3 e6 4. Nf3 Bd6 5. Ne5 O-O 6. Bd3 c5 7. c3 Qc7 8. Nd2
Nbd7 9. Nxd7 Bxd7 10. Bg5 Be7 11. Nf3 Rfe8 12. Bf4 Bd6 13. Ne5 a6 14. Nxd7 Qxd7
15. Bg5 Be7 16. Bxf6 Bxf6 17. dxc5 Rac8 18. Qh5 g6 19. Qg4 Qe7 20. h4 h5 21.
Qh3 Kg7 22. g4 hxg4 23. Qxg4 Rh8 24. h5 g5 25. f4 Rcg8 26. Kd2 Kf8 27. f5 e5
28. Qb4 e4 29. Be2 g4 30. Rad1 g3 31. Kc2 g2 32. Rhg1 Be5 33. Rxd5 Bh2 34. f6
Qxf6 35. c6+ Ke8 36. cxb7 Bb8 37. Qxe4+ Qe6 38. Qd4 Bc7 39. Rxg2 f6 40. Rf2 Rh6
41. Bc4 Qe7 42. Bxa6 Rg5 43. Bb5+ Kf8 44. Rxg5 1-0

[Event "Madrid 2023-2024ch - Previa A"]
[Site "Madrid ESP"]
[Date "2024.02.21"]
[Round "8.20"]
[White "Cujba, Anca-Claudia"]
[Black "Martin-Buitrago Lopez, Antonio"]
[Result "1-0"]
[WhiteElo "1633"]
[BlackElo "1739"]
[PlyCount "75"]
[EventDate "2024.02.05"]
[EventType "swiss"]
[EventRounds "9"]
[EventCountry "ESP"]
[SourceTitle "Ajedrez en Madrid"]
[Source "lmi"]
[SourceDate "2024.02.06"]
[SourceVersion "1"]
[SourceVersionDate "2024.03.02"]
[SourceQuality "1"]

1. d4 Nf6 2. Bf4 e6 3. e3 c5 4. c3 Be7 5. Nd2 d5 6. Bd3 Nc6 7. Ngf3 Nh5 8. Bg3
Nxg3 9. hxg3 Qb6 10. Rb1 a5 11. e4 dxe4 12. Nxe4 cxd4 13. cxd4 Nb4 14. Bc4 Bd7
15. Qe2 Bc6 16. a3 Nd5 17. Rc1 Rd8 18. Nc5 Bxc5 19. dxc5 Qxc5 20. Qe5 Kf8 21.
Ke2 f6 22. Qh5 Qe7 23. Rhe1 Qf7 24. Qh4 Nb6 25. Nd4 Bd5 26. Bxd5 Rxd5 27. Nf3
Qd7 28. Kf1 g6 29. Qf4 e5 30. Qxf6+ Kg8 31. Qxb6 Rb5 32. Qc7 Qd3+ 33. Kg1 e4
34. Ne5 Qd5 35. Qc8+ Kg7 36. Rc7+ Kh6 37. Qxh8 Qd2 38. Qxh7+ 1-0

[Event "Madrid 2023-2024ch - Previa A"]
[Site "Madrid ESP"]
[Date "2024.02.21"]
[Round "8.21"]
[White "Diaz Begonte, Manuel"]
[Black "Fernandez Aransay, Fernando"]
[Result "0-1"]
[WhiteElo "1509"]
[BlackElo "1789"]
[PlyCount "126"]
[EventDate "2024.02.05"]
[EventType "swiss"]
[EventRounds "9"]
[EventCountry "ESP"]
[SourceTitle "Ajedrez en Madrid"]
[Source "lmi"]
[SourceDate "2024.02.06"]
[SourceVersion "1"]
[SourceVersionDate "2024.03.02"]
[SourceQuality "1"]

1. e4 c5 2. d4 cxd4 3. c3 dxc3 4. Nxc3 e6 5. Bf4 Nc6 6. Nf3 a6 7. Bc4 Nge7 8.
O-O Ng6 9. Bg3 Be7 10. Qe2 O-O 11. Rfd1 b5 12. Bb3 Qb6 13. Rac1 Bc5 14. e5 Rd8
15. Ne4 Bf8 16. Nd6 Bb7 17. Ng5 Bxd6 18. Rxd6 h6 19. Nf3 Rac8 20. Rcd1 Qc7 21.
Bc2 Nce7 22. Be4 Bxe4 23. Qxe4 Qc2 24. Qxc2 Rxc2 25. R6d2 Rdc8 26. Kf1 Nd5 27.
Ne1 Rxd2 28. Rxd2 Rc1 29. Rc2 Rxc2 30. Nxc2 h5 31. f3 h4 32. Bf2 Nxe5 33. Bxh4
Nc4 34. b3 Nce3+ 35. Nxe3 Nxe3+ 36. Kf2 Nd1+ 37. Ke2 Nc3+ 38. Kd3 Nxa2 39. Be1
Nc1+ 40. Kc3 Ne2+ 41. Kb4 Nd4 42. Bf2 Nc6+ 43. Kc5 Na5 44. b4 Nc4 45. g3 f6 46.
h4 Kf7 47. f4 Ke7 48. g4 Kd8 49. h5 e5 50. g5 Ke7 51. h6 gxh6 52. gxh6 Kf7 53.
fxe5 fxe5 54. Bh4 Kg6 55. Bg5 e4 56. Kd4 Nd6 57. Bf4 Nf5+ 58. Kxe4 Nxh6 59.
Bxh6 Kxh6 60. Kd5 Kg5 61. Kd6 Kf4 62. Kxd7 Ke5 63. Kc6 Kd4 0-1

[Event "Madrid 2023-2024ch - Previa A"]
[Site "Madrid ESP"]
[Date "2024.02.21"]
[Round "8.23"]
[White "Iribarren Galarza, Aritz"]
[Black "Peiro Guevara, Hector"]
[Result "0-1"]
[WhiteElo "1777"]
[BlackElo "1460"]
[PlyCount "112"]
[EventDate "2024.02.05"]
[EventType "swiss"]
[EventRounds "9"]
[EventCountry "ESP"]
[SourceTitle "Ajedrez en Madrid"]
[Source "lmi"]
[SourceDate "2024.02.06"]
[SourceVersion "1"]
[SourceVersionDate "2024.03.02"]
[SourceQuality "1"]

1. e4 c5 2. Nc3 d6 3. f4 Nc6 4. Nf3 Nf6 5. Bb5 a6 6. Bxc6+ bxc6 7. O-O g6 8. d3
Bg7 9. Qe1 O-O 10. Qh4 Bg4 11. e5 Bxf3 12. Rxf3 dxe5 13. fxe5 Ne8 14. Be3 Bxe5
15. Rh3 h5 16. Kh1 Bd4 17. Bd2 Nf6 18. Re1 Ng4 19. Nd1 e6 20. Qg3 Qf6 21. Qf3
Qxf3 22. Rxf3 Bg7 23. Bc3 Bxc3 24. Nxc3 Rab8 25. b3 Rfe8 26. a3 f5 27. h3 Nf6
28. Ne2 Nd5 29. d4 cxd4 30. Nxd4 e5 31. Nxc6 Rbc8 32. Rxe5 Rxe5 33. Nxe5 Rxc2
34. Nxg6 Kg7 35. Nf4 Nf6 36. Ne6+ Kf7 37. Nd4 Rc1+ 38. Kh2 Ra1 39. a4 Kg6 40.
Nxf5 Re1 41. Nd4 Ne4 42. Nc2 Rb1 43. Nd4 Rd1 44. Ne6 Nd2 45. Kg3 Nxf3 46. gxf3
Rb1 47. Nc5 a5 48. Nb7 Rxb3 49. Nxa5 Rb4 50. Nc6 Rxa4 51. Ne5+ Kf5 52. Nd3 h4+
53. Kf2 Ra2+ 54. Kf1 Ra3 55. Ne1 Kf4 56. Ng2+ Kg3 0-1

[Event "Madrid 2023-2024ch - Previa A"]
[Site "Madrid ESP"]
[Date "2024.02.21"]
[Round "8.24"]
[White "Fernandez Rios, Jose Francisco"]
[Black "Morgado Manzanedo, Antonio"]
[Result "1/2-1/2"]
[WhiteElo "1622"]
[BlackElo "1722"]
[PlyCount "49"]
[EventDate "2024.02.05"]
[EventType "swiss"]
[EventRounds "9"]
[EventCountry "ESP"]
[SourceTitle "Ajedrez en Madrid"]
[Source "lmi"]
[SourceDate "2024.02.06"]
[SourceVersion "1"]
[SourceVersionDate "2024.03.02"]
[SourceQuality "1"]

1. d4 Nf6 2. c4 e5 3. dxe5 Ng4 4. Nf3 Bc5 5. e3 Nc6 6. Nc3 O-O 7. Be2 Re8 8.
O-O Ncxe5 9. Nxe5 Nxe5 10. Ne4 Be7 11. Ng3 a5 12. f4 Nc6 13. e4 Bc5+ 14. Kh1 d6
15. Bd2 Bd7 16. Bc3 Re6 17. f5 Rh6 18. f6 Ne5 19. Nh5 gxf6 20. Bd2 Rg6 21. Nf4
Rg7 22. Nd5 Rg6 23. Nf4 Rg7 24. Nd5 Rg6 25. Nf4 1/2-1/2

[Event "Madrid 2023-2024ch - Previa A"]
[Site "Madrid ESP"]
[Date "2024.02.21"]
[Round "8.25"]
[White "Villodre Miranda, Juan Alonso"]
[Black "Balsera Gomez, Antonio"]
[Result "0-1"]
[WhiteElo "1541"]
[BlackElo "1711"]
[PlyCount "89"]
[EventDate "2024.02.05"]
[EventType "swiss"]
[EventRounds "9"]
[EventCountry "ESP"]
[SourceTitle "Ajedrez en Madrid"]
[Source "lmi"]
[SourceDate "2024.02.06"]
[SourceVersion "1"]
[SourceVersionDate "2024.03.02"]
[SourceQuality "1"]

1. c4 e6 2. Nc3 d5 3. cxd5 exd5 4. d4 a6 5. g3 Nf6 6. Bg2 c6 7. Nf3 Bd6 8. O-O
O-O 9. Bf4 Kh8 10. Nh4 Be6 11. Bg5 Nbd7 12. f4 Nb6 13. e4 dxe4 14. Nxe4 Be7 15.
Nxf6 Bxf6 16. Bxf6 Qxf6 17. Nf3 Bd5 18. Ne5 Qd6 19. Bxd5 Qxd5 20. Nf3 Rfe8 21.
b3 Re7 22. Rc1 Rae8 23. Rc5 Qd6 24. Re5 f6 25. Rxe7 Rxe7 26. Qd3 Nd5 27. Re1
Rxe1+ 28. Nxe1 Qe6 29. Ng2 Qh3 30. Qe4 Qd7 31. Ne3 Nc3 32. Qf5 Qxf5 33. Nxf5
Nxa2 34. Nd6 b5 35. Ne4 a5 36. Kf2 Nc1 37. Nc5 Kg8 38. h4 Kf7 39. Ke3 Na2 40.
d5 cxd5 41. Kd4 Nb4 42. Kc3 Nc6 43. h5 d4+ 44. Kd2 Na7 45. Ne4 0-1

[Event "Madrid 2023-2024ch - Previa A"]
[Site "Madrid ESP"]
[Date "2024.02.21"]
[Round "8.27"]
[White "Melero Fernandez, Jose M"]
[Black "Gimenez Buiza, Fernando"]
[Result "0-1"]
[WhiteElo "1385"]
[BlackElo "1745"]
[PlyCount "50"]
[EventDate "2024.02.05"]
[EventType "swiss"]
[EventRounds "9"]
[EventCountry "ESP"]
[SourceTitle "Ajedrez en Madrid"]
[Source "lmi"]
[SourceDate "2024.02.06"]
[SourceVersion "1"]
[SourceVersionDate "2024.03.02"]
[SourceQuality "1"]

1. c4 c6 2. Nc3 d5 3. cxd5 cxd5 4. d4 Nf6 5. g3 Bf5 6. Bg2 e6 7. Nf3 Nc6 8. O-O
a6 9. Bf4 Bd6 10. Kh1 O-O 11. Rg1 b5 12. Rc1 Na5 13. Nh4 Bxf4 14. gxf4 Ng4 15.
Qe1 Qxh4 16. Bh3 Qxh3 17. Rg2 Nc4 18. e3 Nd6 19. Qe2 Ne4 20. Nd1 Rac8 21. Rb1
Nexf2+ 22. Nxf2 Nxf2+ 23. Rxf2 Bxb1 24. Qd1 Be4+ 25. Kg1 Qxe3 0-1

[Event "Madrid 2023-2024ch - Previa A"]
[Site "Madrid ESP"]
[Date "2024.02.21"]
[Round "8.28"]
[White "Rubio Rivera, Felix"]
[Black "Mejias Gonzalez, Pedro"]
[Result "1/2-1/2"]
[WhiteElo "1491"]
[BlackElo "1500"]
[PlyCount "87"]
[EventDate "2024.02.05"]
[EventType "swiss"]
[EventRounds "9"]
[EventCountry "ESP"]
[SourceTitle "Ajedrez en Madrid"]
[Source "lmi"]
[SourceDate "2024.02.06"]
[SourceVersion "1"]
[SourceVersionDate "2024.03.02"]
[SourceQuality "1"]

1. d4 d5 2. c4 c6 3. e3 Nf6 4. Nf3 Bg4 5. Be2 e6 6. Nbd2 Be7 7. O-O O-O 8. b3
Nbd7 9. Bb2 h6 10. Rc1 Qa5 11. a3 Ne4 12. b4 Qd8 13. cxd5 exd5 14. Ne1 Bxe2 15.
Qxe2 Nxd2 16. Qxd2 a6 17. Nd3 Bf6 18. Nc5 Nxc5 19. dxc5 Bxb2 20. Qxb2 Re8 21.
Rcd1 Re4 22. Rd3 Qe7 23. Rfd1 Re8 24. Qd2 f5 25. Rd4 Rxd4 26. Qxd4 Qe5 27. Qxe5
Rxe5 28. h4 Re4 29. Rd4 Kf7 30. Kf1 g5 31. hxg5 hxg5 32. Rxe4 dxe4 33. f3 Ke6
34. fxe4 fxe4 35. Ke2 Kd5 36. Kd2 Kc4 37. Kc2 a5 38. bxa5 Kxc5 39. Kc3 Kd5 40.
a4 c5 41. g4 Kc6 42. Kc4 Kd6 43. Kc3 Kd5 44. Kb3 1/2-1/2

[Event "Madrid 2023-2024ch - Previa A"]
[Site "Madrid ESP"]
[Date "2024.02.21"]
[Round "8.30"]
[White "Carbo de Haya, Jaime"]
[Black "Rodriguez Rodriguez, Ricardo"]
[Result "0-1"]
[WhiteElo "1297"]
[BlackElo "1685"]
[PlyCount "114"]
[EventDate "2024.02.05"]
[EventType "swiss"]
[EventRounds "9"]
[EventCountry "ESP"]
[SourceTitle "Ajedrez en Madrid"]
[Source "lmi"]
[SourceDate "2024.02.06"]
[SourceVersion "1"]
[SourceVersionDate "2024.03.02"]
[SourceQuality "1"]

1. e4 c5 2. d4 cxd4 3. c3 Nf6 4. e5 Nd5 5. cxd4 Nc6 6. Nf3 d6 7. Bc4 dxe5 8.
dxe5 e6 9. O-O Be7 10. Qb3 Na5 11. Qa4+ Bd7 12. Bb5 Nc6 13. Rd1 a6 14. Be2 Nxe5
15. Qe4 Nxf3+ 16. Bxf3 Bc6 17. Qg4 Bf6 18. Nc3 O-O 19. Ne4 Qe7 20. Nxf6+ Nxf6
21. Qg3 Bxf3 22. Qxf3 Nd5 23. b3 Qf6 24. Qxf6 Nxf6 25. Bb2 Nd5 26. Rd4 Rac8 27.
Rg4 g6 28. h4 Rc2 29. Be5 Re2 30. Bd4 h5 31. Rg3 Re4 32. Be3 Rxh4 33. Rc1 Re4
34. Rc2 Rd8 35. Bg5 f6 36. Bxf6 Nxf6 37. Rc7 Rd7 38. Rxg6+ Kh7 39. Rxd7+ Nxd7
40. Rg3 Rd4 41. Rc3 Kg6 42. Rc7 b6 43. Rc6 Kf5 44. g3 Rd2 45. Rc7 e5 46. a4 a5
47. Rb7 Kg4 48. Kf1 Kf3 49. Ke1 Rd6 50. Rc7 e4 51. Rc4 Rd3 52. Rc7 e3 53. fxe3
Rxe3+ 54. Kd2 Re7 55. Rc3+ Kg4 56. Rd3 Nc5 57. Rc3 Ne4+ 0-1

[Event "Madrid 2023-2024ch - Previa A"]
[Site "Madrid ESP"]
[Date "2024.02.21"]
[Round "8.31"]
[White "Ropero Galan, Samuel"]
[Black "Aldea Moreno, Marina"]
[Result "1-0"]
[WhiteElo "1380"]
[BlackElo "1663"]
[PlyCount "83"]
[EventDate "2024.02.05"]
[EventType "swiss"]
[EventRounds "9"]
[EventCountry "ESP"]
[SourceTitle "Ajedrez en Madrid"]
[Source "lmi"]
[SourceDate "2024.02.06"]
[SourceVersion "1"]
[SourceVersionDate "2024.03.02"]
[SourceQuality "1"]

1. e4 c5 2. Nf3 d6 3. Bc4 e6 4. c3 Nf6 5. d3 Nc6 6. Bg5 Be7 7. Nbd2 Rb8 8. Qc2
Bd7 9. a3 b5 10. Ba2 a5 11. d4 cxd4 12. cxd4 O-O 13. Rd1 b4 14. e5 Nd5 15. Bb1
g6 16. Ne4 Bxg5 17. Nfxg5 dxe5 18. dxe5 Nxe5 19. f4 Ne3 20. Qc5 Nxd1 21. fxe5
h6 22. Nf6+ Kg7 23. Ngh7 Ba4 24. Nxf8 Qxf8 25. Qxa5 Nxb2 26. O-O Bb5 27. Rc1
Nc4 28. Qa7 Qd8 29. a4 Nxe5 30. axb5 Kxf6 31. Rf1+ Kg7 32. Kh1 Rc8 33. b6 Qd7
34. b7 Qb5 35. Re1 Nc6 36. Qa1+ e5 37. bxc8=Q Nd4 38. Be4 b3 39. Qb2 Qb4 40.
Rf1 Qb5 41. Qf2 f5 42. Qb7+ 1-0

[Event "Madrid 2023-2024ch - Previa A"]
[Site "Madrid ESP"]
[Date "2024.02.21"]
[Round "8.32"]
[White "Vasquez Escobar, Andres Eloy"]
[Black "Ortega Molina, Tomas"]
[Result "0-1"]
[WhiteElo "1391"]
[BlackElo "1538"]
[PlyCount "72"]
[EventDate "2024.02.05"]
[EventType "swiss"]
[EventRounds "9"]
[EventCountry "ESP"]
[SourceTitle "Ajedrez en Madrid"]
[Source "lmi"]
[SourceDate "2024.02.06"]
[SourceVersion "1"]
[SourceVersionDate "2024.03.02"]
[SourceQuality "1"]

1. d4 d5 2. c4 c6 3. Bf4 Nf6 4. h3 Bf5 5. e3 e6 6. Nc3 Be7 7. Bd3 Bg6 8. Bxg6
hxg6 9. cxd5 Nxd5 10. Nge2 Nxf4 11. Nxf4 Nd7 12. Qb3 g5 13. Nfe2 b5 14. O-O-O
a5 15. Ng3 a4 16. Qc2 Qa5 17. Kb1 b4 18. Nce4 Qd5 19. f3 b3 20. Qd2 bxa2+ 21.
Ka1 a3 22. Nc3 Qb3 23. Nge2 Rb8 24. Nxa2 axb2+ 25. Kb1 O-O 26. Qc3 Qa4 27. Qc2
Qa6 28. Nec3 Rb7 29. g3 Ra8 30. h4 gxh4 31. gxh4 Bb4 32. Qd3 Qa3 33. h5 Bxc3
34. Qc4 Ra4 35. Qxc3 Qxa2+ 36. Kc2 b1=Q# 0-1

[Event "Madrid 2023-2024ch - Previa A"]
[Site "Madrid ESP"]
[Date "2024.02.21"]
[Round "8.34"]
[White "Perez Suchan, Saul Mario"]
[Black "Martinez Pintor, Juan"]
[Result "1/2-1/2"]
[WhiteElo "1561"]
[BlackElo "1566"]
[PlyCount "74"]
[EventDate "2024.02.05"]
[EventType "swiss"]
[EventRounds "9"]
[EventCountry "ESP"]
[SourceTitle "Ajedrez en Madrid"]
[Source "lmi"]
[SourceDate "2024.02.06"]
[SourceVersion "1"]
[SourceVersionDate "2024.03.02"]
[SourceQuality "1"]

1. Nf3 d5 2. c4 c6 3. e3 Nf6 4. b3 Bf5 5. d3 h6 6. Bb2 e6 7. cxd5 exd5 8. Be2
Bd6 9. O-O O-O 10. h3 Nbd7 11. Na3 c5 12. Rc1 a6 13. Qd2 Qe7 14. Nc2 Rfc8 15.
Rfd1 Ne5 16. Nce1 Nc6 17. Bxf6 Qxf6 18. d4 cxd4 19. exd4 Bb4 20. Qb2 Re8 21. a3
Bd6 22. b4 Na7 23. Bd3 Be4 24. Rc2 Rac8 25. Rdc1 b5 26. Rxc8 Rxc8 27. Rxc8+
Nxc8 28. Qc2 Qe6 29. Ne5 Bxe5 30. dxe5 Bxd3 31. Nxd3 Ne7 32. Qe2 Qb6 33. Nc5 a5
34. e6 fxe6 35. Qxe6+ Qxe6 36. Nxe6 axb4 37. axb4 Nc6 1/2-1/2

[Event "Madrid 2023-2024ch - Previa A"]
[Site "Madrid ESP"]
[Date "2024.02.21"]
[Round "8.35"]
[White "Lopez Manso, Jeronimo"]
[Black "Calle Trueba, Jose Antonio"]
[Result "0-1"]
[WhiteElo "1298"]
[BlackElo "1378"]
[PlyCount "138"]
[EventDate "2024.02.05"]
[EventType "swiss"]
[EventRounds "9"]
[EventCountry "ESP"]
[SourceTitle "Ajedrez en Madrid"]
[Source "lmi"]
[SourceDate "2024.02.06"]
[SourceVersion "1"]
[SourceVersionDate "2024.03.02"]
[SourceQuality "1"]

1. f4 d5 2. Nf3 Nf6 3. e3 e6 4. c4 c6 5. Nc3 Be7 6. b3 O-O 7. Bb2 Nbd7 8. Be2
Re8 9. O-O Bc5 10. d4 Bf8 11. Qd3 c5 12. Ne5 Nxe5 13. fxe5 Nd7 14. cxd5 cxd4
15. dxe6 Rxe6 16. exd4 f6 17. Bg4 Ra6 18. Qc4+ Kh8 19. Qf7 fxe5 20. Rae1 Rf6
21. Rxf6 Nxf6 22. Bf3 exd4 23. Nd5 Qd7 24. Ne7 Qd8 25. Nd5 Bf5 26. Bxd4 Qd7 27.
Qxd7 Nxd7 28. g4 Bg6 29. Nf4 Bc5 30. Rd1 Rf8 31. Nxg6+ hxg6 32. Bxb7 Rf4 33.
Bxc5 Nxc5 34. Bc8 Ne4 35. Rd4 g5 36. Rd8+ Kh7 37. Bf5+ g6 38. Rd7+ Kh6 39. Be6
Nc5 40. Re7 Re4 41. Rxa7 Nxe6 42. h3 Nf4 43. Kh2 Re2+ 44. Kg3 Rg2+ 45. Kf3 Rh2
46. b4 Rxh3+ 47. Ke4 Rh1 48. Ra8 Re1+ 49. Kf3 Rf1+ 50. Ke4 Re1+ 51. Kd4 Rd1+
52. Kc5 Rc1+ 53. Kb6 Nd5+ 54. Ka5 Ra1 55. a4 Nc3 56. Kb6 Rxa4 57. Rc8 Rxb4+ 58.
Ka5 Rxg4 59. Rxc3 Kg7 60. Kb5 Rg1 61. Kc5 Rf1 62. Re3 Kf6 63. Kd5 Rf5+ 64. Kd4
Rf4+ 65. Kd5 Kf5 66. Re8 Ra4 67. Rf8+ Kg4 68. Ke5 Ra5+ 69. Ke6 Rf5 0-1

[Event "Madrid 2023-2024ch - Previa A"]
[Site "Madrid ESP"]
[Date "2024.02.21"]
[Round "8.36"]
[White "Benito Mellado, Humberto"]
[Black "de Villota Borrego, Pablo"]
[Result "1-0"]
[WhiteElo "1330"]
[BlackElo "1034"]
[PlyCount "58"]
[EventDate "2024.02.05"]
[EventType "swiss"]
[EventRounds "9"]
[EventCountry "ESP"]
[SourceTitle "Ajedrez en Madrid"]
[Source "lmi"]
[SourceDate "2024.02.06"]
[SourceVersion "1"]
[SourceVersionDate "2024.03.02"]
[SourceQuality "1"]

1. d4 d5 2. c4 Nf6 3. Nc3 Bf5 4. cxd5 Ne4 5. Qb3 Nd6 6. Nf3 c6 7. e3 e6 8. dxe6
Bxe6 9. Qc2 Be7 10. Bd3 h6 11. O-O Nd7 12. e4 Bg5 13. d5 Bg4 14. Nxg5 hxg5 15.
f3 Bh5 16. f4 g4 17. e5 Qb6+ 18. Kh1 Nc8 19. d6 Qd8 20. g3 Nc5 21. Bc4 Nb6 22.
b3 Nxc4 23. bxc4 Bg6 24. f5 Bh7 25. Qf2 Nd3 26. Qe2 Nxc1 27. Raxc1 Qa5 28. Qxg4
O-O 29. f6 Qxe5 1-0

[Event "Madrid 2023-2024ch - Previa A"]
[Site "Madrid ESP"]
[Date "2024.02.26"]
[Round "9.4"]
[White "Blazquez Sanz, Oscar"]
[Black "Jafar Hussain, Yaser"]
[Result "1/2-1/2"]
[WhiteElo "1924"]
[BlackElo "1752"]
[PlyCount "68"]
[EventDate "2024.02.05"]
[EventType "swiss"]
[EventRounds "9"]
[EventCountry "ESP"]
[SourceTitle "Ajedrez en Madrid"]
[Source "lmi"]
[SourceDate "2024.02.06"]
[SourceVersion "1"]
[SourceVersionDate "2024.03.02"]
[SourceQuality "1"]

1. e4 c6 2. Ne2 d5 3. e5 Bf5 4. d4 e6 5. Ng3 Bg6 6. h4 h5 7. Bd3 Bxd3 8. cxd3
Qb6 9. Qb3 Qxb3 10. axb3 c5 11. Nc3 Nc6 12. dxc5 Bxc5 13. Be3 d4 14. Na4 dxe3
15. Nxc5 exf2+ 16. Kxf2 Nxe5 17. Nxb7 Nf6 18. d4 Nc6 19. Rhd1 Ng4+ 20. Ke2 Ke7
21. Rac1 Rac8 22. Rc3 Nf6 23. Rdc1 Nxd4+ 24. Kd3 Rxc3+ 25. Rxc3 Nb5 26. Rc5 Re8
27. Na5 Rd8+ 28. Kc4 Nd6+ 29. Kb4 Rd7 30. Nc6+ Kf8 31. Nxh5 Rb7+ 32. Ka3 Nxh5
33. Rxh5 g6 34. Ra5 Rc7 1/2-1/2

[Event "Madrid 2023-2024ch - Previa A"]
[Site "Madrid ESP"]
[Date "2024.02.26"]
[Round "9.7"]
[White "Cabanas Bravo, Juan Andres"]
[Black "Arevillca Colque, Jonatan"]
[Result "0-1"]
[WhiteElo "1906"]
[BlackElo "1835"]
[PlyCount "80"]
[EventDate "2024.02.05"]
[EventType "swiss"]
[EventRounds "9"]
[EventCountry "ESP"]
[SourceTitle "Ajedrez en Madrid"]
[Source "lmi"]
[SourceDate "2024.02.06"]
[SourceVersion "1"]
[SourceVersionDate "2024.03.02"]
[SourceQuality "1"]

1. e4 e5 2. Nf3 Nc6 3. Bc4 Nf6 4. d4 exd4 5. O-O Nxe4 6. Re1 d5 7. Bxd5 Qxd5 8.
Nc3 Qh5 9. Nxe4 Be6 10. Neg5 O-O-O 11. Nxe6 fxe6 12. Rxe6 Bd6 13. h3 Qd5 14.
Ng5 Be7 15. Qg4 h5 16. Qg3 Bxg5 17. Rxc6 Qxc6 18. Bxg5 Rdf8 19. Bf4 Rf7 20. Be5
Qd7 21. Rd1 c5 22. c3 Rhf8 23. f4 Rd8 24. cxd4 Qa4 25. Rc1 b6 26. Qf3 Rxd4 27.
Qa8+ Kd7 28. Bxd4 Qxd4+ 29. Kh1 Rxf4 30. Qxa7+ Kc6 31. Qa8+ Kb5 32. b3 Qe3 33.
Rg1 g5 34. a4+ Kb4 35. Qb8 g4 36. Qxb6+ Ka3 37. hxg4 hxg4 38. Qg6 Qe5 39. g3
Qh8+ 40. Kg2 Qh3# 0-1